Vũ Ngọc Phan Nhà văn hiện đại

Kaydedildi:
Detaylı Bibliyografya
Yazar: Vũ Ngọc Phan
Materyal Türü: Kitap
Baskı/Yayın Bilgisi: H. NXB văn học 2005
Edisyon:Tái bản lần thứ 4
Etiketler: Etiketle
Etiket eklenmemiş, İlk siz ekleyin!
Thư viện lưu trữ: Mạng thư viện Đại học Đà Nẵng
LEADER 00677nam a2200253 4500
001 000004319
003 454
005 20150812140841.0
008 110719s2005 sd
041 0 |a 82.000đ 
082 1 |a 895.92209  |b VUN 
100 0 |a Vũ Ngọc Phan 
245 0 0 |a Vũ Ngọc Phan  |b Nhà văn hiện đại  |c Phê bình văn học. T.2 
250 |a Tái bản lần thứ 4 
260 |a H.  |b NXB văn học  |c 2005 
300 |a 629 tr.  |c 20 cm 
OWN |a LSP 
999 |a From the UDN01 
TYP |a Monograph 
TYP |a Printed language 
980 |a Mạng thư viện Đại học Đà Nẵng